000 00619nam a2200217Ia 4500
005 20241129110136.0
008 241129s9999||||xx |||||||||||||| ||und||
020 _a978-977-350-548-6
037 _aTB
040 _aARTS
_beng
_cARTS
041 _aeng
_2ara
084 _aS1 28Q5
_qARTS
100 _aIbraheem Mohammad Maauz Au.
_9727374
245 0 _aDarasat fi eilam al-atfal
_cIbraheem Mohammad Maauz Au.
260 _aCairo, Egypt
_bDarul kutub al-hadees
_c2015
300 _a304p.
365 _aINR
_b1183
650 _aPsychology-Child
_9427713
942 _cTB
_hS1 28Q5
999 _c1227463
_d1227463